แสดงรายละเอียดบรรณานุกรม
  กลับหน้าหลัก

Brief Record : Get Marc (ISO 2709) : E-mail record : QR code ปิดหน้าต่าง
E-books : เกี่ยวกับ Collections
LEADER 00000nama 2200000uu 4500
008    040531s|||| th m m a000 0 tha d
020    978-032-307-1505
041    eng
050    WY19 N974 2011
100    Ackley,Betty J.
245    Nursing Diagnosis handbook : an Evidence-Based Guide to Planning Care/Betty J. Ackley,Gail B.Ladwig.
246 0  ^aโครงการผลิตพยาบาลชุมชนฯ ครั้งที่1/2553.
250    ^a9 th ed.
260    America. Mosby Elsevier. 2011.
300    ^a931 p.
500    ^aโครงการผลิตพยาบาลชุมชนฯ ครั้งที่1/2553.
600    I.Ackly,Betty J. II.Ladwig,Gail B.
650    1.nursing Diagnosis--Handbooks 2.Nursing diagnosis--Handbooks,manuals.ect. 3.nursing care
995    001
999    ^aใช้งานได้ทุกระบบ
รายการนี้ยังไม่มีแท็ก
คุณยังไม่ได้ล็อกอิน คุณสามารถมีกิจกรรมร่วมกับเว็บไซต์ได้ แต่ต้องล็อกอินก่อน ::
  ล็อกอิน
ลำดับที่ ประเภท เลขเรียก สถานที่ สถานะ
1. หนังสือทั่วไป
หนังสือทั่วไป
WY19 N974 2011  
  
หนังสือภาษาอังกฤษ On Shelf
  ขอยืม
   [แสดง 1/1 รายการ]

รายการใกล้เคียง
    ผู้แต่ง [Ackley,Betty J.]

BibComment


ยังไม่เคยถูกคอมเมนท์

คอมเมนท์ทรัพยากรรายการนี้
  คอมเมนท์: Nursing Diagnosis..
Bib 201408

 
 
 

 Union Library Management : ULibM
Copyright 2026. All Rights Reserved.
скачать бесплатно без регистрации порно красивый секс HD Sex Hindi sex

xxx gou

xxxx

bfxxx

xxxwww

Секса Видео

xxxx

Секса Видео

detube

geilexxx

C99 Shell

worms shell

blod xxx video
Ebony Coed Rihanna Rimes Takes A Dick In Her Young Twat priyaa indian fuck anal and pusssy hardcore indian women xxx desi hardcore fucking part 1 bengalixxxcouple